| 000 | 00870nam a2200289Ia 4500 | ||
|---|---|---|---|
| 005 | 20250425162214.0 | ||
| 008 | 250425s9999 xx 000 0 und d | ||
| 020 | _a8448118480 | ||
| 041 | _aspa | ||
| 082 | _a658.1 | ||
| 100 | _aDOMINGUEZ MACHUCA, JOSE A | ||
| 245 | 0 | _aDIRECCION DE OPERACIONES: ASPECTOS ESTRATEGICOS EN LA PRODUCCION Y LOS SERVICIOS | |
| 250 | _a1A ED. | ||
| 260 |
_aEspaƱa _bMCGRAW HILL _c1995 |
||
| 260 | _aMADRID | ||
| 300 | _a482 | ||
| 500 |
_aEN CIBGZ-FIMCP 50461 _41.00 OCT.19.05 PARA ING. MECANICA. Y ADM. DE LA PRODUCCION.- MHP. |
||
| 650 | _aDIRECCION DE OPERACIONES | ||
| 650 | _aGESTION TECNOLOGICA | ||
| 650 | _aGLOBALIZACION | ||
| 650 | _aMEDICION DEL TRABAJO | ||
| 650 | _aSISTEMA ECONOMICO | ||
| 700 | _aDOMINGUEZ MACHUCA, MIGUEL ANGEL | ||
| 700 | _aGARCIA GONZALEZ, SANTIAGO | ||
| 942 | _c01 | ||
| 010 | _a56596 | ||
| 999 |
_c224477 _d224477 |
||